06 - 山形県の自治体(Text) - Statistics

General Stats
  • This quiz has been taken 11 times
  • The average score is 27 of 35
Answers on the Map
Answers color-coded by a green-red scale on the quiz's map according to % correct below.
 
Answer Stats
市町村 % Correct
上山かみのやま
100%
酒田さかた
100%
新庄しんじょう
100%
鶴岡つるおか
100%
天童てんどう
100%
東根ひがしね
100%
村山むらやま
100%
山形やまがた
100%
北村山きたむらやまぐん 大石田おおいしだまち
88%
西置賜にしおきたまぐん 小国おぐにまち
88%
寒河江さがえ
88%
最上もがみぐん 鮭川さけがわむら
88%
米沢よねざわ
88%
西置賜にしおきたまぐん 飯豊いいでまち
75%
東田川ひがしたがわぐん 庄内しょうないまち
75%
西置賜にしおきたまぐん 白鷹しらたかまち
75%
東置賜ひがしおきたまぐん 高畠たかはたまち
75%
長井ながい
75%
南陽なんよう
75%
最上もがみぐん 真室川まむろがわまち
75%
最上もがみぐん 最上もがみまち
75%
飽海あくみぐん 遊佐ゆざまち
75%
西村山にしむらやまぐん 朝日あさひまち
63%
西村山にしむらやまぐん 大江おおえまち
63%
最上もがみぐん 大蔵おおくらむら
63%
尾花沢おばなざわ
63%
最上もがみぐん 金山かねやままち
63%
西村山にしむらやまぐん 河北かほくちょう
63%
最上もがみぐん 戸沢とざわむら
63%
東村山ひがしむらやまぐん 中山なかやままち
63%
西村山にしむらやまぐん 西川にしかわまち
63%
東田川ひがしたがわぐん 三川みかわまち
63%
東置賜ひがしおきたまぐん 川西かわにしまち
50%
最上もがみぐん 舟形ふながたまち
50%
東村山ひがしむらやまぐん 山辺やまのべまち
50%
No matching quizzes found
Score Distribution
Percent of People with Each Score
Percentile by Number Answered
Your Score History
You have not taken this quiz